| 000 | 01390nam a2200241Ia 4500 | ||
|---|---|---|---|
| 003 | Ost | ||
| 005 | 20260507075228.0 | ||
| 008 | 260507s9999||||xx |||||||||||||| ||und|| | ||
| 020 | _a98411199579 | ||
| 040 | _cfsecg | ||
| 041 | _aara | ||
| 082 | _a330 | ||
| 100 |
_aالقريوتي، محمد قاسم _eمؤلف |
||
| 245 | 0 |
_aالوجيز في إدارة الموارد البشرية / _c محمد قاسم القريوتي |
|
| 260 |
_aعمان: _bدار وائل, _c2009 |
||
| 300 |
_a304 صفحة؛ _bإيضاحات ؛ _c24 سم |
||
| 504 | _aمراجع : لكل فصل مرجع ؛ مراجع ص.301 | ||
| 520 | _aادارة الموارد البشرية ، تحليل العمل ووصف و تصنيف و تقييم الوظائف ، تخطيط واستقطاب و اختيار الموارد البشرية ، تدريب الموارد البشرية ، تقييم الاداء ، الرواتب و الأجور و التعويضات ، تخطيط المسار الوظيفي ، شؤون الترقية و التسريح المؤقت و تنزيل الدرجة و الفصل من العمل ، علاقات العمل ، صيانة الموارد البشرية و تأمين ظروف الأمان و السلامة لها. | ||
| 653 | _aإدارة الأفراد | ||
| 653 | _aالقوى العاملة | ||
| 653 | _aالموارد البشرية | ||
| 942 | _cكتاب | ||
| 999 |
_c43550 _d43550 |
||